000 00220nam a22000857a 4500
008 161111b xxu||||| |||| 00| 0 eng d
100 _91151
_akilaka. j
245 _agood friends
260 _anew delhi
_bnational book trust
_c2007
999 _c3811
_d3811